Numerical methods for unconstrained optimization (Record no. 14546)

000 -LEADER
fixed length control field 00514nam a22001937a 4500
001 - CONTROL NUMBER
control field 14546
003 - CONTROL NUMBER IDENTIFIER
control field BD-DhUET
008 - FIXED-LENGTH DATA ELEMENTS--GENERAL INFORMATION
fixed length control field 150308b xxu||||| |||| 00| 0 eng d
040 ## - CATALOGING SOURCE
Original cataloging agency DLC
Transcribing agency DLC
Modifying agency BD-DhUET
082 ## - DEWEY DECIMAL CLASSIFICATION NUMBER
Classification number 517.62
Item number NUR/1972
100 ## - MAIN ENTRY--PERSONAL NAME
Personal name Murray, W.
245 ## - TITLE STATEMENT
Title Numerical methods for unconstrained optimization
250 ## - EDITION STATEMENT
Edition statement 1st ed.
260 ## - PUBLICATION, DISTRIBUTION, ETC. (IMPRINT)
Place of publication, distribution, etc. London
Name of publisher, distributor, etc. Academic press
Date of publication, distribution, etc. 1972
300 ## - PHYSICAL DESCRIPTION
Extent xi, 144 p.
Other physical details illus.
504 ## - BIBLIOGRAPHY, ETC. NOTE
Bibliography, etc Includes bibliographies
650 #0 - SUBJECT ADDED ENTRY--TOPICAL TERM
Topical term or geographic name as entry element Mathematical optimization
942 ## - ADDED ENTRY ELEMENTS (KOHA)
Koha item type Edited Book
Holdings
Shelving location Sublocation or collection (holding branch) Price effective from Piece designation (barcode) Source of classification or shelving scheme Date acquired Location (home branch) Withdrawn status Koha normalized classification for sorting Copy number Not for loan Lost status Koha date last seen Damaged status Koha item type Koha full call number
Circulation sectionCentral Library, BUET2015-03-0869757 2015-03-08Central Library, BUET 517_620000000000000_NUR_19721  2015-03-08 Edited Book517.62/NUR/1972